Hindi ke chitrit upanyaskar: (Record no. 122365)

MARC details
000 -LEADER
fixed length control field 00641nam a2200217Ia 4500
003 - CONTROL NUMBER IDENTIFIER
control field OSt
005 - DATE AND TIME OF LATEST TRANSACTION
control field 20250205171615.0
008 - FIXED-LENGTH DATA ELEMENTS--GENERAL INFORMATION
fixed length control field 210210b2016 xxu||||| |||| 00| 0 eng d
020 ## - INTERNATIONAL STANDARD BOOK NUMBER
International Standard Book Number 9788170288046
040 ## - CATALOGING SOURCE
Transcribing agency AL
041 ## - LANGUAGE CODE
Language code of text/sound track or separate title hin
082 ## - DEWEY DECIMAL CLASSIFICATION NUMBER
Classification number H891.309 MISH
100 ## - MAIN ENTRY--PERSONAL NAME
Personal name MISHR (Bhagvatisharan)
9 (RLIN) 197975
110 ## - MAIN ENTRY--CORPORATE NAME
Subordinate unit मिश्र (भगवतीशरण)
9 (RLIN) 197976
245 ## - TITLE STATEMENT
Title Hindi ke chitrit upanyaskar:
Remainder of title हिंदी के चित्रित उपन्यासकार
260 ## - PUBLICATION, DISTRIBUTION, ETC.
Place of publication, distribution, etc. Dilli
Name of publisher, distributor, etc. Rajpal & Sons
Date of publication, distribution, etc. 2016
300 ## - PHYSICAL DESCRIPTION
Extent 480
690 ## - LOCAL SUBJECT ADDED ENTRY--TOPICAL TERM (OCLC, RLIN)
Topical term or geographic name as entry element Hindi Criticism
9 (RLIN) 197977
906 ## - LOCAL DATA ELEMENT F, LDF (RLIN)
a 072530
942 ## - ADDED ENTRY ELEMENTS (KOHA)
Source of classification or shelving scheme Dewey Decimal Classification
Koha item type Reference
Holdings
Withdrawn status Lost status Source of classification or shelving scheme Damaged status Not for loan Collection code Home library Current library Date acquired Source of acquisition Cost, normal purchase price Total Checkouts Full call number Barcode Date last seen Price effective from Koha item type
    Dewey Decimal Classification   Reference Book Hindi St Aloysius Library St Aloysius Library 02/17/2021 Rajpal and Sons, Kashmere Gate, Delhi-110006 595.00   H891.309 MISH 072530 02/17/2021 02/17/2021 Reference